[Event "Junior Online 4NCL Division 3"]
[Site "online"]
[Date "2020.11.12"]
[Round "7.71"]
[White "Kedikoglou, Elias"]
[Black "Gunatilake, Dyansa"]
[Result "0-1"]
[WhiteElo "1202"]
[BlackElo "1202"]
[PlyCount "74"]
[EventDate "2020.11.12"]
[WhiteTeam "MCS Tenners"]
[BlackTeam "Bristol Bishops"]

1. e4 e5 2. Nf3 Nc6 3. Nc3 Nf6 4. Bc4 Bc5 5. Ng5 O-O 6. O-O d6 7. d3 Bg4 8. h3
Bxd1 9. Rxd1 h6 10. Nf3 Re8 11. Bd2 Qd7 12. a3 Rad8 13. b4 Bd4 14. Nb5 a6 15.
Nc3 b5 16. Bd5 Bxc3 17. Bxc3 Nxd5 18. exd5 Nd4 19. Nxd4 exd4 20. Bxd4 c6 21. c4
cxd5 22. cxd5 Qc7 23. Rac1 Qd7 24. Bb6 Rc8 25. Rb1 Qb7 26. Ba5 Qxd5 27. d4 Qb7
28. d5 Re5 29. Re1 Rxe1+ 30. Rxe1 Qxd5 31. g4 Rc2 32. Bb6 Qc6 33. Be3 d5 34. g5
hxg5 35. Bxg5 Qb6 36. Kg2 Qxf2+ 37. Kh1 Qxe1# 0-1

[Event "Junior Online 4NCL Division 3"]
[Site "online"]
[Date "2020.11.12"]
[Round "7.72"]
[White "Clegg, Anya"]
[Black "Yao, Rian"]
[Result "1-0"]
[WhiteElo "1180"]
[BlackElo "1157"]
[PlyCount "35"]
[EventDate "2020.11.12"]
[WhiteTeam "Bristol Bishops"]
[BlackTeam "MCS Tenners"]

1. d4 d5 2. e3 Nf6 3. Bd3 Nc6 4. Nf3 e6 5. O-O Bd6 6. Nbd2 O-O 7. c3 h6 8. e4
dxe4 9. Nxe4 Nxe4 10. Bxe4 g6 11. Bxh6 Re8 12. Bd3 e5 13. dxe5 Nxe5 14. Nxe5
Bxe5 15. Qf3 Kh7 16. Qxf7+ Kh8 17. Qxg6 Rg8 18. Qh7# 1-0

[Event "Junior Online 4NCL Division 3"]
[Site "online"]
[Date "2020.11.12"]
[Round "7.73"]
[White "Parekh, Cole"]
[Black "Saha, Soumil"]
[Result "0-1"]
[WhiteElo "902"]
[BlackElo "1060"]
[PlyCount "100"]
[EventDate "2020.11.12"]
[WhiteTeam "MCS Tenners"]
[BlackTeam "Bristol Bishops"]

1. e4 e6 2. d4 d5 3. exd5 exd5 4. Bb5+ c6 5. Qe2+ Qe7 6. Qxe7+ Bxe7 7. Bd3 Nh6
8. Nf3 Bf5 9. Bxf5 Nxf5 10. O-O O-O 11. Nc3 Nd7 12. Bf4 Nh4 13. Nxh4 Bxh4 14.
Bd6 Rfe8 15. Rae1 Rxe1 16. Rxe1 Rd8 17. Bc7 Rc8 18. Nd1 Rxc7 19. Re8+ Nf8 20.
Ne3 Re7 21. Rxe7 Bxe7 22. Nf5 Bf6 23. g4 g6 24. Nd6 Bxd4 25. Nxb7 Bxb2 26. Na5
c5 27. Nb3 c4 28. Nd2 Bc3 29. Nxc4 dxc4 30. g5 Ne6 31. h4 f6 32. gxf6 Bxf6 33.
a4 Bxh4 34. a5 Nd4 35. f4 Nxc2 36. a6 Nb4 37. Kf1 c3 38. Ke2 c2 39. Kd2 Be1+
40. Kc1 Kf7 41. f5 gxf5 42. Kb2 f4 43. Kc1 f3 44. Kb2 Bc3+ 45. Kxc3 c1=Q+ 46.
Kxb4 f2 47. Kb5 f1=Q+ 48. Ka5 Qb2 49. Ka4 Qc4+ 50. Ka5 Qbb5# 0-1

[Event "Junior Online 4NCL Division 3"]
[Site "online"]
[Date "2020.11.12"]
[Round "7.74"]
[White "Gunatilake, Avishka"]
[Black "Yang, Lucas"]
[Result "0-1"]
[WhiteElo "1067"]
[BlackElo "700"]
[PlyCount "154"]
[EventDate "2020.11.12"]
[WhiteTeam "Bristol Bishops"]
[BlackTeam "MCS Tenners"]

1. e4 c5 2. Nc3 d6 3. Nf3 Nf6 4. Bc4 a6 5. Bb3 g6 6. Ng5 e6 7. d3 Bh6 8. Ba4+
Bd7 9. b3 Bxa4 10. bxa4 O-O 11. O-O Nfd7 12. Nf3 Bxc1 13. Rxc1 Qf6 14. Re1 Qxc3
15. Qe2 Ne5 16. h3 Nxf3+ 17. Qxf3 Qd2 18. Rcd1 Qxc2 19. Ra1 Qxa4 20. Qf6 Qd4
21. Qe7 b5 22. Qb7 Nc6 23. Qxc6 d5 24. exd5 Qxd5 25. Qb6 Rfb8 26. Qa5 c4 27.
dxc4 bxc4 28. Qc3 Qd3 29. Qf6 Qf5 30. Qc3 Rc8 31. Re5 Qf6 32. Rae1 Rc5 33. a4
Rxe5 34. Rxe5 Rd8 35. Qe1 Qg7 36. Re3 Rf8 37. a5 Rd8 38. Re4 c3 39. Rc4 Qf8 40.
Rxc3 Qb4 41. Rc1 Qxe1+ 42. Rxe1 Rd5 43. Ra1 f5 44. f4 e5 45. fxe5 Rxe5 46. h4
h6 47. g3 Re3 48. Kf2 Re5 49. Kf3 g5 50. hxg5 hxg5 51. Ra4 Kg7 52. Ra3 Kg6 53.
Ra2 Kh5 54. Rh2+ Kg6 55. Ra2 Kf6 56. Ra4 g4+ 57. Kf4 Re4+ 58. Rxe4 fxe4 59.
Kxe4 Kg5 60. Kd5 Kf5 61. Kc6 Ke4 62. Kb6 Kf3 63. Kxa6 Kxg3 64. Kb6 Kh3 65. a6
g3 66. a7 g2 67. a8=Q g1=Q+ 68. Kb7 Qb1+ 69. Ka7 Kg4 70. Qc8+ Kf4 71. Qc4+ Ke5
72. Qc5+ Ke6 73. Qc4+ Kd7 74. Qf7+ Kc6 75. Qe6+ Kc7 76. Qe7+ Kc6 77. Qd8 Qb7#
0-1

[Event "Junior Online 4NCL Division 3"]
[Site "online"]
[Date "2020.11.12"]
[Round "7.75"]
[White "Gunatilake, Dyansa"]
[Black "Kedikoglou, Elias"]
[Result "0-1"]
[WhiteElo "1202"]
[BlackElo "1202"]
[PlyCount "102"]
[EventDate "2020.11.12"]
[WhiteTeam "Bristol Bishops"]
[BlackTeam "MCS Tenners"]

1. e4 c5 2. c3 d6 3. d4 cxd4 4. cxd4 Nc6 5. Nf3 Nf6 6. Nc3 e5 7. dxe5 Bg4 8.
exd6 Bxd6 9. h3 Bh5 10. g4 Bg6 11. Bb5 Bxe4 12. Bxc6+ bxc6 13. Qe2 Qe7 14. Rg1
O-O 15. Bg5 h6 16. Bxf6 Qxf6 17. Nxe4 Bb4+ 18. Kf1 Qd8 19. Rd1 Qb6 20. Ne1 Rae8
21. Nd3 Rd8 22. Nxb4 Qxb4 23. Rxd8 Rxd8 24. Kg2 Re8 25. f3 g6 26. Qe1 Qxb2+ 27.
Qf2 Qe5 28. Qxa7 Qb2+ 29. Qf2 Qe5 30. Qg3 Qb2+ 31. Qf2 Qe5 32. Rc1 Rc8 33. Nc5
f5 34. gxf5 Qxf5 35. Qg3 g5 36. Qg4 Qf8 37. Ne6 Qe8 38. Nd4 c5 39. Nc2 c4 40.
Na3 c3 41. Nc4 Qe2+ 42. Kg3 Rxc4 43. Qf5 Kg7 44. Qc2 Qe3 45. a3 Kf7 46. Qb3
Qxc1 47. Qxc4+ Kg6 48. a4 c2 49. a5 Qb1 50. Qd3+ Kh5 51. a6 Qg1# 0-1

[Event "Junior Online 4NCL Division 3"]
[Site "online"]
[Date "2020.11.12"]
[Round "7.76"]
[White "Yao, Rian"]
[Black "Clegg, Anya"]
[Result "0-1"]
[WhiteElo "1157"]
[BlackElo "1180"]
[PlyCount "54"]
[EventDate "2020.11.12"]
[WhiteTeam "MCS Tenners"]
[BlackTeam "Bristol Bishops"]

1. e4 e5 2. Nf3 Nc6 3. Bc4 Bc5 4. c3 Nf6 5. d4 exd4 6. cxd4 Nxd4 7. Nxd4 Bxd4
8. Qxd4 O-O 9. O-O d6 10. Rd1 Qe7 11. Nc3 Rd8 12. e5 dxe5 13. Qxd8+ Qe8 14. Bg5
Kf8 15. Bxf6 gxf6 16. Qxe8+ Kxe8 17. Nd5 Rb8 18. Nxc7+ Ke7 19. Rd2 Be6 20. Bxe6
fxe6 21. Rad1 Kf7 22. Rd7+ Kg6 23. R1d6 Rc8 24. Nxe6 Rc2 25. Rg7+ Kh6 26. Rd3
Rc1+ 27. Rd1 Rxd1# 0-1

[Event "Junior Online 4NCL Division 3"]
[Site "online"]
[Date "2020.11.12"]
[Round "7.77"]
[White "Saha, Soumil"]
[Black "Parekh, Cole"]
[Result "1/2-1/2"]
[WhiteElo "1060"]
[BlackElo "902"]
[PlyCount "127"]
[EventDate "2020.11.12"]
[WhiteTeam "Bristol Bishops"]
[BlackTeam "MCS Tenners"]

1. d4 d5 2. c4 dxc4 3. e3 e6 4. Nf3 Bb4+ 5. Nc3 Bxc3+ 6. bxc3 Nf6 7. Ng5 O-O 8.
Bxc4 Ng4 9. Qxg4 e5 10. Qg3 exd4 11. cxd4 Nc6 12. Ba3 Re8 13. Bxf7+ Kh8 14.
Bxe8 Qxe8 15. Qh4 Qd8 16. Nf7+ Kg8 17. Nxd8 Nxd8 18. Qxd8+ Kf7 19. Qxc7+ Kf6
20. Rc1 b5 21. Qd8+ Kg6 22. Rxc8 Rxc8 23. Qxc8 Kf7 24. e4 Kf6 25. e5+ Kf7 26.
e6+ Kf6 27. e7 b4 28. Bxb4 a5 29. Qf8+ Ke6 30. Bxa5 g5 31. e8=Q+ Kd5 32. Bb6
Kc4 33. d5 Kxd5 34. O-O Kc4 35. Rc1+ Kd3 36. a4 Kd2 37. Be3+ Kd3 38. a5 Ke2 39.
a6 Kd3 40. a7 Ke2 41. a8=Q Kd3 42. Bxg5 Kd4 43. f4 Kd3 44. f5 h6 45. Qxh6 Kd4
46. f6 Kd3 47. f7 Kd4 48. f8=Q Kd3 49. Qab8 Kd4 50. g4 Kd3 51. Be7 Ke2 52. g5
Ke3 53. g6+ Ke2 54. g7 Kd3 55. g8=Q Ke2 56. h4 Kd3 57. h5 Ke2 58. Qhg5 Kd3 59.
h6 Ke2 60. h7 Kd3 61. h8=Q Ke2 62. Ba3+ Kd3 63. Rd1+ Kc2 64. Qbd8 1/2-1/2

[Event "Junior Online 4NCL Division 3"]
[Site "online"]
[Date "2020.11.12"]
[Round "7.78"]
[White "Yang, Lucas"]
[Black "Gunatilake, Avishka"]
[Result "1-0"]
[WhiteElo "700"]
[BlackElo "1067"]
[PlyCount "63"]
[EventDate "2020.11.12"]
[WhiteTeam "MCS Tenners"]
[BlackTeam "Bristol Bishops"]

1. e4 e5 2. Nf3 Nc6 3. Bc4 Nf6 4. Ng5 d5 5. exd5 Nxd5 6. Bxd5 Qxg5 7. Qf3 Bc5
8. Qxf7+ Kd8 9. O-O Qh5 10. Qxh5 Ne7 11. Qxe5 Ng6 12. Qxg7 Bf8 13. Qf6+ Be7 14.
Qf7 Bg4 15. Bxb7 Rb8 16. Bc6 Ne5 17. Qf4 Be2 18. Re1 Nxc6 19. Rxe2 Rb4 20. Qf7
Rf8 21. Qxh7 Rc4 22. b3 Rc5 23. c4 Bf6 24. Nc3 a5 25. Ne4 Re5 26. Bb2 Re6 27.
Qh6 Ke7 28. Qh7+ Rf7 29. Bxf6+ Ke8 30. Qg8+ Rf8 31. Qxe6+ Ne7 32. Qxe7# 1-0

[Event "Junior Online 4NCL Division 3"]
[Site "online"]
[Date "2020.11.12"]
[Round "7.82"]
[White "Kalavadia, Kunal"]
[Black "Sreenivas, Rohit"]
[Result "0-1"]
[WhiteElo "700"]
[BlackElo "850"]
[PlyCount "124"]
[EventDate "2020.11.12"]
[WhiteTeam "Watford Juniors D"]
[BlackTeam "Leicestershire Juniors 5"]

1. e4 e5 2. g3 Nf6 3. b3 Nc6 4. Bb5 Bc5 5. Nh3 d6 6. O-O Bxh3 7. Re1 Bg4 8. Be2
Bxe2 9. Qxe2 Bd4 10. c3 Bb6 11. Kh1 O-O 12. g4 Qd7 13. Rg1 Ne7 14. Qf1 Ng6 15.
d3 Nf4 16. Bxf4 Nxg4 17. Qg2 Bxf2 18. Bxe5 dxe5 19. h3 Bxg1 20. Qxg1 Nf6 21.
Nd2 Qxd3 22. Rd1 Qxh3+ 23. Qh2 Qxh2+ 24. Kxh2 Ng4+ 25. Kg3 Ne3 26. Re1 Nc2 27.
Re2 Na3 28. Nf3 Nb5 29. c4 Nd6 30. c5 Ne8 31. Nh4 Nf6 32. b4 Nh5+ 33. Kg4 g6
34. Kg5 f6+ 35. Kh6 Nf4 36. Rf2 Nd3 37. Rf3 Nxb4 38. a3 Nc6 39. Rg3 Nd4 40.
Nxg6 hxg6 41. Rxg6+ Kf7 42. Rg7+ Ke8 43. Kg6 Ne6 44. Rh7 Nf4+ 45. Kg7 Ne6+ 46.
Kh6 Rd8 47. a4 Nd4 48. a5 Nb3 49. c6 bxc6 50. a6 Rd7 51. Kg6 Rxh7 52. Kxh7 c5
53. Kg7 c4 54. Kh7 c3 55. Kg7 c2 56. Kg6 c1=Q 57. Kf5 Qf1+ 58. Ke6 Qxa6+ 59.
Kf5 Nd4+ 60. Kg4 Qf1 61. Kg3 Rg8+ 62. Kh4 Qh1# 0-1

[Event "Junior Online 4NCL Division 3"]
[Site "online"]
[Date "2020.11.12"]
[Round "7.83"]
[White "Jackson, Will"]
[Black "Balakrishnan, Akshata"]
[Result "1-0"]
[WhiteElo "850"]
[BlackElo "700"]
[PlyCount "81"]
[EventDate "2020.11.12"]
[WhiteTeam "Leicestershire Juniors 5"]
[BlackTeam "Watford Juniors D"]

1. d4 d5 2. e3 e6 3. Bb5+ c6 4. Ba4 Bb4+ 5. Bd2 Qa5 6. b3 Bxd2+ 7. Nxd2 b5 8.
a3 bxa4 9. bxa4 Qxa4 10. Ne2 Ba6 11. Nc3 Nd7 12. Nxa4 Nb6 13. Nc5 Bb5 14. a4
Bc4 15. Ra3 e5 16. dxe5 Ba6 17. Nxa6 O-O-O 18. Rb3 Nxa4 19. Ra3 Nb2 20. Qb1
Nd3+ 21. Rxd3 c5 22. Nxc5 Nf6 23. exf6 gxf6 24. Nf3 a5 25. Qa2 Rhg8 26. g3 Rg4
27. Qxa5 Rd6 28. Rd4 Rxd4 29. exd4 Rc6 30. Qb5 Rc7 31. Qb6 f5 32. Ne5 f6 33.
Ng6 hxg6 34. f3 g5 35. f4 gxf4 36. gxf4 Re7+ 37. Kd2 Rc7 38. Ra1 Kd8 39. Ra7
Kc8 40. Rxc7+ Kd8 41. Qb8# 1-0

[Event "Junior Online 4NCL Division 3"]
[Site "online"]
[Date "2020.11.12"]
[Round "7.84"]
[White "Naren, Riya"]
[Black "Abraham, Lexi"]
[Result "0-1"]
[WhiteElo "700"]
[BlackElo "850"]
[PlyCount "60"]
[EventDate "2020.11.12"]
[WhiteTeam "Watford Juniors D"]
[BlackTeam "Leicestershire Juniors 5"]

1. e4 e5 2. Nf3 Nc6 3. c3 d5 4. d3 dxe4 5. dxe4 Qxd1+ 6. Kxd1 Bg4 7. h3 Bxf3+
8. gxf3 O-O-O+ 9. Bd3 Nh6 10. h4 f5 11. exf5 Rxd3+ 12. Bd2 Nxf5 13. f4 exf4 14.
c4 Be7 15. f3 Bxh4 16. b4 Nxb4 17. c5 Bf6 18. Nc3 Bxc3 19. Rh5 g6 20. Rc1 Rxd2+
21. Ke1 Rxa2+ 22. Rxc3 gxh5 23. Rc1 Rh2 24. Rd1 Rh1+ 25. Kf2 Rxd1 26. c6 Nxc6
27. Kg2 Rd2+ 28. Kh3 Rd1 29. Kh2 Rg8 30. Kh3 Rh1# 0-1

[Event "Junior Online 4NCL Division 3"]
[Site "online"]
[Date "2020.11.12"]
[Round "7.85"]
[White "Karthik, Trivikraman"]
[Black "Prashanth, Shashank"]
[Result "0-1"]
[WhiteElo "700"]
[BlackElo "992"]
[PlyCount "60"]
[EventDate "2020.11.12"]
[WhiteTeam "Watford Juniors D"]
[BlackTeam "Leicestershire Juniors 5"]

1. d4 d5 2. Bf4 Nc6 3. Nd2 Nf6 4. c3 Bf5 5. e3 Bg4 6. Qc1 g6 7. Bd3 Bg7 8. Ne2
O-O 9. O-O Re8 10. Ng3 e5 11. Bg5 Qd7 12. Qc2 e4 13. Bb5 a6 14. Be2 h6 15. Rae1
hxg5 16. Bxg4 Nxg4 17. Nb3 b6 18. Re2 Nh6 19. Rd2 f5 20. Re2 f4 21. Nh1 g4 22.
exf4 Nf5 23. Nd2 e3 24. fxe3 Nxe3 25. Rxe3 Rxe3 26. Qc1 Re6 27. Nb3 Rf8 28. f5
gxf5 29. Qg5 Rh6 30. c4 Nxd4 0-1

[Event "Junior Online 4NCL Division 3"]
[Site "online"]
[Date "2020.11.12"]
[Round "7.86"]
[White "Sreenivas, Rohit"]
[Black "Kalavadia, Kunal"]
[Result "0-1"]
[WhiteElo "850"]
[BlackElo "700"]
[PlyCount "20"]
[EventDate "2020.11.12"]
[WhiteTeam "Leicestershire Juniors 5"]
[BlackTeam "Watford Juniors D"]

1. e4 g6 2. Nf3 e6 3. Nc3 c6 4. Bc4 h6 5. d3 h5 6. Bg5 Qc7 7. O-O Bg7 8. Na4 b5
9. Nc5 bxc4 10. dxc4 Bf8 0-1

[Event "Junior Online 4NCL Division 3"]
[Site "online"]
[Date "2020.11.12"]
[Round "7.87"]
[White "Balakrishnan, Akshata"]
[Black "Jackson, Will"]
[Result "1-0"]
[WhiteElo "700"]
[BlackElo "850"]
[PlyCount "47"]
[EventDate "2020.11.12"]
[WhiteTeam "Watford Juniors D"]
[BlackTeam "Leicestershire Juniors 5"]

1. e4 e5 2. Nf3 d6 3. d3 Nf6 4. Be2 Bg4 5. h3 Bh5 6. O-O Nc6 7. Nh4 g6 8. d4
exd4 9. Bf4 g5 10. Bxg5 Rg8 11. Bxf6 Qxf6 12. Nf3 Ne5 13. Nxd4 Nc6 14. Nxc6
bxc6 15. Qd3 Qg6 16. Qa6 d5 17. exd5 cxd5 18. Bd3 Qg5 19. h4 Qxh4 20. g3 Qh3
21. Re1+ Kd7 22. Bf5+ Kd8 23. Bxh3 Rc8 24. Qxc8# 1-0

[Event "Junior Online 4NCL Division 3"]
[Site "online"]
[Date "2020.11.12"]
[Round "7.88"]
[White "Abraham, Lexi"]
[Black "Naren, Riya"]
[Result "1-0"]
[WhiteElo "850"]
[BlackElo "700"]
[PlyCount "77"]
[EventDate "2020.11.12"]
[WhiteTeam "Leicestershire Juniors 5"]
[BlackTeam "Watford Juniors D"]

1. e4 e5 2. Nf3 Nc6 3. Nc3 Nf6 4. Bc4 Bc5 5. O-O O-O 6. d3 d6 7. Bg5 Bg4 8. Nd5
Nd4 9. Nxf6+ gxf6 10. Be3 Nxf3+ 11. gxf3 b6 12. fxg4 Bxe3 13. fxe3 c6 14. d4 d5
15. exd5 cxd5 16. Bb3 exd4 17. exd4 a5 18. Qf3 a4 19. Bxd5 Ra7 20. Be4 Re7 21.
Rae1 Rfe8 22. Re3 Rxe4 23. Rxe4 Rxe4 24. Qxe4 b5 25. Qf5 b4 26. Qxf6 Qxf6 27.
Rxf6 h6 28. Rxh6 b3 29. cxb3 axb3 30. axb3 f6 31. b4 f5 32. b5 fxg4 33. b6 g3
34. b7 gxh2+ 35. Kh1 Kf7 36. b8=Q Kg7 37. Ra6 Kf7 38. Qb7+ Kf8 39. Ra8# 1-0

[Event "Junior Online 4NCL Division 3"]
[Site "online"]
[Date "2020.11.12"]
[Round "7.91"]
[White "Jayaprakash, Shravan"]
[Black "Taylor, Tamuka"]
[Result "1-0"]
[WhiteElo "1000"]
[BlackElo "700"]
[PlyCount "59"]
[EventDate "2020.11.12"]
[WhiteTeam "Uxbridge Juniors B"]
[BlackTeam "Watford Juniors E"]

1. e4 e5 2. Nf3 Nc6 3. Nc3 Nf6 4. Bb5 Bb4 5. Bxc6 Bxc3 6. Bxd7+ Bxd7 7. bxc3
O-O 8. Nxe5 Bb5 9. c4 Qd6 10. Bb2 Ba6 11. O-O Nxe4 12. d3 Nf6 13. Qf3 c5 14.
Rfe1 b5 15. Rad1 Rac8 16. Qg3 bxc4 17. dxc4 Nh5 18. Rxd6 Nxg3 19. fxg3 Bb7 20.
Rd7 Ba8 21. Rxa7 Bc6 22. Ra5 Bb7 23. Ba3 f6 24. Nd7 Rfd8 25. Nxc5 Rd1 26. Rxd1
Be4 27. Nxe4 Rxc4 28. Ra7 Rxe4 29. Rd8+ Re8 30. Rxe8# 1-0

[Event "Junior Online 4NCL Division 3"]
[Site "online"]
[Date "2020.11.12"]
[Round "7.95"]
[White "Taylor, Tamuka"]
[Black "Jayaprakash, Shravan"]
[Result "0-1"]
[WhiteElo "700"]
[BlackElo "1000"]
[PlyCount "78"]
[EventDate "2020.11.12"]
[WhiteTeam "Watford Juniors E"]
[BlackTeam "Uxbridge Juniors B"]

1. e4 d5 2. exd5 Qxd5 3. Nc3 Qa5 4. Nf3 e6 5. Bb5+ c6 6. Bc4 Nf6 7. d3 Be7 8.
Bg5 Nbd7 9. Bxf6 Nxf6 10. O-O Bd7 11. Qe2 O-O 12. Ne5 Qd8 13. Nxd7 Qxd7 14.
Rad1 Nd5 15. Bxd5 cxd5 16. Rfe1 Qc7 17. Nb5 Qb8 18. c3 a6 19. Na3 Bd6 20. d4
Bxh2+ 21. Kf1 Bd6 22. g3 Qd8 23. f4 Qf6 24. Qf3 b5 25. b4 Rfc8 26. Rc1 Rcb8 27.
c4 Bxb4 28. Nc2 Bxe1 29. Rxe1 bxc4 30. Na1 Qxd4 31. Re5 Qxa1+ 32. Kf2 Qxa2+ 33.
Kf1 Qa1+ 34. Re1 Rb1 35. Rxb1 Qxb1+ 36. Kf2 Rb8 37. g4 Rb2+ 38. Kg3 Qg1+ 39.
Kh3 Rh2# 0-1

[Event "Junior Online 4NCL Division 3"]
[Site "online"]
[Date "2020.11.12"]
[Round "7.101"]
[White "Ye, Tim"]
[Black "Rajesh, Shradha"]
[Result "1-0"]
[WhiteElo "1367"]
[BlackElo "1217"]
[PlyCount "59"]
[EventDate "2020.11.12"]
[WhiteTeam "Manchester Juniors C"]
[BlackTeam "Harrow Juniors E"]

1. e4 c5 2. c3 e5 3. d4 cxd4 4. cxd4 exd4 5. Qxd4 Nc6 6. Qd1 Nf6 7. Bd3 Bc5 8.
Nc3 O-O 9. Bg5 h6 10. Bh4 g5 11. Bg3 Re8 12. h4 Nh5 13. Qxh5 d6 14. Bc4 Be6 15.
Bb5 Qf6 16. hxg5 hxg5 17. O-O-O a6 18. Bxc6 bxc6 19. Qh7+ Kf8 20. Bxd6+ Bxd6
21. Rxd6 Qf4+ 22. Rd2 Red8 23. Nf3 g4 24. Nd4 c5 25. Nxe6+ fxe6 26. Rhd1 Rxd2
27. Rxd2 Rd8 28. Qh8+ Ke7 29. Qxd8+ Kf7 30. Kc2 1-0

[Event "Junior Online 4NCL Division 3"]
[Site "online"]
[Date "2020.11.12"]
[Round "7.102"]
[White "Mohammad, Zakariya"]
[Black "Fairclough, William"]
[Result "0-1"]
[WhiteElo "1075"]
[BlackElo "1337"]
[PlyCount "42"]
[EventDate "2020.11.12"]
[WhiteTeam "Harrow Juniors E"]
[BlackTeam "Manchester Juniors C"]

1. e4 e5 2. Nf3 Nc6 3. Nc3 Bc5 4. Bc4 Nf6 5. O-O O-O 6. d4 exd4 7. Nxd4 Nxd4 8.
Re1 d6 9. Be3 Bg4 10. f3 Bh5 11. Nd5 Nxe4 12. Bxd4 Bxd4+ 13. Qxd4 Ng5 14. Qd1
c6 15. Nf4 Qb6+ 16. Kf1 Bg6 17. Nxg6 hxg6 18. f4 Ne6 19. Bxe6 fxe6 20. Rxe6
Rxf4+ 21. Ke1 Qf2# 0-1

[Event "Junior Online 4NCL Division 3"]
[Site "online"]
[Date "2020.11.12"]
[Round "7.103"]
[White "Burke, Alexander"]
[Black "Wang, Xiling"]
[Result "1/2-1/2"]
[WhiteElo "1292"]
[BlackElo "1075"]
[PlyCount "114"]
[EventDate "2020.11.12"]
[WhiteTeam "Manchester Juniors C"]
[BlackTeam "Harrow Juniors E"]

1. e4 e5 2. Nf3 Nc6 3. Bc4 Bc5 4. Nc3 Nf6 5. Ng5 O-O 6. Nxf7 Rxf7 7. Bxf7+ Kxf7
8. O-O d6 9. h3 Be6 10. d3 d5 11. Bg5 d4 12. Nd5 Bxd5 13. exd5 Qxd5 14. Bxf6
Kxf6 15. Qg4 Kf7 16. Qf5+ Kg8 17. f4 Rf8 18. Qh5 Qf7 19. Qxf7+ Rxf7 20. f5 Nd8
21. a3 c6 22. b4 Be7 23. Kh1 b5 24. a4 Bxb4 25. axb5 cxb5 26. Rab1 a5 27. g4 h6
28. Kh2 g5 29. f6 Ne6 30. Rf5 Nc7 31. Rxe5 Bd6 32. Rbe1 Bxe5+ 33. Rxe5 Rxf6 34.
Rc5 Rf2+ 35. Kg3 Rf1 36. Rxc7 a4 37. Rc5 b4 38. Rc4 b3 39. cxb3 axb3 40. Rb4
Rb1 41. Kf3 b2 42. Ke4 Re1+ 43. Kxd4 b1=Q 44. Rxb1 Rxb1 45. Ke4 Rh1 46. d4 Rxh3
47. d5 Rh2 48. d6 Rd2 49. Ke5 Re2+ 50. Kf6 Kf8 51. d7 Rd2 52. Ke6 Re2+ 53. Kf6
Rf2+ 54. Ke6 Rd2 55. Kf6 Rxd7 56. Kg6 Rd6+ 57. Kh5 Kg7 1/2-1/2

[Event "Junior Online 4NCL Division 3"]
[Site "online"]
[Date "2020.11.12"]
[Round "7.104"]
[White "Patel-Davis, Riyan"]
[Black "Eccleston, Rowan"]
[Result "0-1"]
[WhiteElo "910"]
[BlackElo "1285"]
[PlyCount "52"]
[EventDate "2020.11.12"]
[WhiteTeam "Harrow Juniors E"]
[BlackTeam "Manchester Juniors C"]

1. e4 e6 2. d4 d5 3. exd5 exd5 4. Nc3 Nf6 5. Nf3 Bb4 6. Bg5 Bg4 7. Bd3 Qe7+ 8.
Ne5 Bxd1 9. Rxd1 Bxc3+ 10. bxc3 Nc6 11. Bb5 O-O 12. O-O Nxe5 13. dxe5 Qxe5 14.
Be3 Ng4 15. g3 Nxe3 16. fxe3 Qxe3+ 17. Rf2 Qxc3 18. Rxd5 c6 19. Rd3 Qa1+ 20.
Rf1 Qxa2 21. Rb3 cxb5 22. Rxb5 Qxc2 23. h4 Rad8 24. g4 Rd2 25. Re1 Rg2+ 26. Kf1
Qf2# 0-1

[Event "Junior Online 4NCL Division 3"]
[Site "online"]
[Date "2020.11.12"]
[Round "7.105"]
[White "Rajesh, Shradha"]
[Black "Ye, Tim"]
[Result "1-0"]
[WhiteElo "1217"]
[BlackElo "1367"]
[PlyCount "81"]
[EventDate "2020.11.12"]
[WhiteTeam "Harrow Juniors E"]
[BlackTeam "Manchester Juniors C"]

1. c4 e6 2. Nc3 d5 3. cxd5 exd5 4. d4 Nf6 5. Nf3 Bf5 6. e3 Nc6 7. Bb5 Bd7 8. a3
Be7 9. O-O O-O 10. Bd2 a6 11. Ba4 h6 12. Re1 Re8 13. Bb3 Bg4 14. h3 Bh5 15. Rc1
Na5 16. Nxd5 Nxb3 17. Nxf6+ Bxf6 18. Qxb3 Bxf3 19. gxf3 Qd7 20. Kg2 Bh4 21. e4
Re6 22. Rg1 Rg6+ 23. Kf1 Qxh3+ 24. Ke2 Rxg1 25. Rxg1 Qh2 26. Rf1 Rd8 27. Be3
Bf6 28. d5 Qe5 29. Rb1 Rb8 30. Kd3 h5 31. Qb4 h4 32. Bd4 Qg5 33. Bxf6 Qxf6 34.
Qd4 Qxf3+ 35. Kc4 h3 36. Rg1 f6 37. d6 cxd6 38. Qd5+ Kh8 39. Rg3 Qh5 40. Qxh5+
Kg8 41. Qg6 1-0

[Event "Junior Online 4NCL Division 3"]
[Site "online"]
[Date "2020.11.12"]
[Round "7.106"]
[White "Fairclough, William"]
[Black "Mohammad, Zakariya"]
[Result "1-0"]
[WhiteElo "1337"]
[BlackElo "1075"]
[PlyCount "61"]
[EventDate "2020.11.12"]
[WhiteTeam "Manchester Juniors C"]
[BlackTeam "Harrow Juniors E"]

1. e4 e5 2. Nf3 Nc6 3. Bc4 Nf6 4. d3 Bb4+ 5. c3 a5 6. cxb4 axb4 7. O-O b5 8.
Bxb5 Ra5 9. Bxc6 dxc6 10. Qb3 Rb5 11. a3 bxa3 12. Qxa3 c5 13. Nc3 O-O 14. Nxb5
c6 15. Na7 Qd7 16. Qxc5 Ng4 17. Nxc6 Ne3 18. Bxe3 Qxd3 19. Ne7+ Kh8 20. Nxc8
Qd8 21. Nd6 Qd7 22. Nxe5 Qe6 23. Ndxf7+ Rxf7 24. Nxf7+ Qxf7 25. Ra8+ Qg8 26.
Rxg8+ Kxg8 27. Qc7 h5 28. Bd4 Kf8 29. Qxg7+ Ke8 30. Ra1 h4 31. Ra8# 1-0

[Event "Junior Online 4NCL Division 3"]
[Site "online"]
[Date "2020.11.12"]
[Round "7.107"]
[White "Wang, Xiling"]
[Black "Burke, Alexander"]
[Result "1-0"]
[WhiteElo "1075"]
[BlackElo "1292"]
[PlyCount "85"]
[EventDate "2020.11.12"]
[WhiteTeam "Harrow Juniors E"]
[BlackTeam "Manchester Juniors C"]

1. e4 e5 2. Nf3 Nc6 3. Nc3 Bc5 4. Bb5 Nf6 5. O-O O-O 6. Bxc6 dxc6 7. Nxe5 Qd6
8. Nf3 Bg4 9. d3 Bxf3 10. Qxf3 Bd4 11. Ne2 Be5 12. d4 Bxh2+ 13. Kh1 h5 14. g3
Ng4 15. Qg2 h4 16. f3 Nf2+ 17. Qxf2 hxg3 18. Qg2 f5 19. Bf4 Qg6 20. Rad1 fxe4
21. fxe4 Qh5 22. Rde1 g5 23. Bxc7 Rxf1+ 24. Rxf1 Rc8 25. Be5 Kh7 26. Ng1 c5 27.
dxc5 Rxc5 28. Bd6 Rc6 29. Bb8 Rc8 30. Be5 Re8 31. Bd6 Kg8 32. Qh3 Qe2 33. Nxe2
Kg7 34. Qd7+ Kh6 35. Qxe8 g4 36. Qh8+ Kg5 37. Be7+ Kg6 38. Qg8+ Kh5 39. Rf5+
Kh6 40. Rg5 g2+ 41. Kxh2 g3+ 42. Kxg2 b5 43. Qh8# 1-0

[Event "Junior Online 4NCL Division 3"]
[Site "online"]
[Date "2020.11.12"]
[Round "7.108"]
[White "Eccleston, Rowan"]
[Black "Patel-Davis, Riyan"]
[Result "1-0"]
[WhiteElo "1285"]
[BlackElo "910"]
[PlyCount "67"]
[EventDate "2020.11.12"]
[WhiteTeam "Manchester Juniors C"]
[BlackTeam "Harrow Juniors E"]

1. f4 d5 2. c4 dxc4 3. e4 Be6 4. f5 Bc8 5. Bxc4 e5 6. Qa4+ c6 7. Qb3 Qh4+ 8.
Kf1 Qf4+ 9. Nf3 Nh6 10. Nc3 g5 11. d3 Qg4 12. Nxe5 Qh4 13. Bxf7+ Nxf7 14. Qxf7+
Kd8 15. Qf6+ Be7 16. Qxh8+ Bf8 17. Qxf8+ Kc7 18. Qe7+ Bd7 19. Bxg5 Qh5 20. Qd8+
Kd6 21. Qe7+ Kc7 22. Nc4 Qe8 23. Qd6+ Kc8 24. Qf6 Qg8 25. Bf4 b5 26. Qd6 Kb7
27. Na5+ Ka6 28. b4 Qc8 29. Nxb5 Kxb5 30. Qc5+ Ka4 31. Bd6 Na6 32. Qc4 Qg8 33.
Qxa6 Rb8 34. Nc4# 1-0

[Event "Junior Online 4NCL Division 3"]
[Site "online"]
[Date "2020.11.12"]
[Round "7.111"]
[White "Dissanayake, Sathsara"]
[Black "Bailey, Matthew"]
[Result "0-1"]
[WhiteElo "850"]
[BlackElo "1412"]
[PlyCount "48"]
[EventDate "2020.11.12"]
[WhiteTeam "Leicestershire Juniors 6"]
[BlackTeam "Surbiton Juniors B"]

1. e4 e5 2. Nf3 Nc6 3. Bb5 a6 4. Bc4 b5 5. Bd5 Nf6 6. Nxe5 Nxd5 7. Nxc6 dxc6 8.
exd5 Qxd5 9. Qe2+ Be7 10. Nc3 Qe6 11. Qxe6 Bxe6 12. O-O O-O 13. Re1 Rad8 14. d3
Bb4 15. a3 Bxc3 16. bxc3 Rfe8 17. Bg5 Rd7 18. d4 f6 19. d5 cxd5 20. Bf4 Bf7 21.
Rxe8+ Bxe8 22. Re1 Bg6 23. Be3 Bxc2 24. Re2 Bg6 0-1